000 00905cam a2200289 a 4500
001 bwi09280131
003 KyLxBWI
005 20180604204214.0
008 041115s2004 nyua j 000 0 spa d
020 _a9780439683692 (pbk.)
020 _a0439683696 (pbk.)
040 _aKyLxBWI
_cKyLxBWI
_dKyLxBWI
041 _aspa
_heng
100 1 _aLongo, Alejandra.
242 1 0 _aTongue twisters.
_yeng.
245 1 0 _aTrabalenguas /
_cAlejandra Longo ; ilustraciones, Daniel Chaskielberg.
260 _aNew York :
_bScholastic,
_cc2004.
300 _a1 v. (unpaged) :
_bcol. ill. ;
_c21 cm.
500 _a"Scholastic en espanol"--Cover.
520 _aAn illustrated collection of riddles and tongue twisters in Spanish.
546 _aText in Spanish.
650 1 _aRiddles.
650 1 _aTongue twisters.
650 1 _aSpanish language materials.
700 1 _aChaskielberg, Daniel.
942 _cBK
999 _c20847
_d20847